| 000 | 01094nam a2200205 a 4500 | ||
|---|---|---|---|
| 001 | ASIN0743285018 | ||
| 005 | 20170105102909.0 | ||
| 008 | 131025s2006 xxu eng d | ||
| 020 |
_a0743285018 (paperback) _c$15.00 |
||
| 020 | _a9780743285018 (paperback) | ||
| 040 | _a0 | ||
| 082 | _a306.0973090511 | ||
| 100 | 1 | _aCarter, Jimmy. | |
| 245 | 1 | 0 |
_aOur endangered values : _bamerica's moral crisis / _cJimmy Carter. |
| 260 |
_a[S.l.] : _bSimon & Schuster, _c2006. |
||
| 300 |
_a224 p. ; _c24 cm. |
||
| 520 | _aPresident Jimmy Carter offers a passionate defense of separation of church and state. He warns that fundamentalists are deliberately blurring the lines between politics and religion. As a believing Christian, Carter takes on issues that are under fierce debate -- women's rights, terrorism, homosexuality, civil liberties, abortion, the death penalty, science and religion, environmental degradation, nuclear arsenals, preemptive war, and America's global image. | ||
| 856 | 4 | 0 |
_3Amazon.com _uhttp://www.amazon.com/exec/obidos/ASIN/0743285018/chopaconline-20 |
| 942 |
_2ddc _cBK |
||
| 999 |
_c15016 _d15016 |
||